Minnesota A-Z - Statistics

General Stats
  • This quiz has been taken 185 times
  • The average score is 17 of 26
Answer Stats
Hint Answer % Correct
S St. Paul
97%
D Duluth
93%
H Hockey
92%
M Mall of America
92%
P Prince
92%
T Target
92%
L Common Loon
86%
W Minnesota Wild
86%
R Rochester
85%
O Ontario
77%
Z Zoo
77%
F F. Scott Fitzgerald
69%
V Jesse Ventura
69%
J Juicy Lucy
66%
B Best Buy
64%
I International Falls
64%
G Judy Garland
62%
Y You Betcha
59%
X Xcel Energy Center
56%
A Agate
53%
U UnitedHealth Group
45%
K Amy Klobuchar
40%
Q Quarries
39%
E Eagle Mountain
36%
C Carleton College
35%
N Norway Pine
22%
No matching quizzes found
Score Distribution
Percent of People with Each Score
Percentile by Number Answered
Your Score History
You have not taken this quiz